000 00195nam a22000857a 4500
999 _c16285
_d16285
003 OSt
008 200721b ||||| |||| 00| 0 eng d
245 _aPreservation of fruits / vegetables
942 _cBK